000 00321cam a22001097a 4500
008 180718b1975 xxu||||| |||| 00| 0 eng d
082 _aT19x54 In2c
245 _aCurrent economic situation: a review
_cby Ministry of Finance
260 _a
_bGovernment of India
_c1975
300 _a16p
700 _aIndia. Ministry of Finance
999 _c497275
_d497275